Inter-faith essays and other articles / (Record no. 188860)
[ view plain ]
| 000 -LEADER | |
|---|---|
| fixed length control field | 01017 a2200169 4500 |
| 003 - CONTROL NUMBER IDENTIFIER | |
| control field | Nust |
| 005 - DATE AND TIME OF LATEST TRANSACTION | |
| control field | 20221205123726.0 |
| 040 ## - CATALOGING SOURCE | |
| Transcribing agency | Nust |
| 082 ## - DEWEY DECIMAL CLASSIFICATION NUMBER | |
| Classification number | 230,KHA |
| 100 ## - MAIN ENTRY--PERSONAL NAME | |
| Personal name | Khan, Abdul Waheed |
| 245 ## - TITLE STATEMENT | |
| Title | Inter-faith essays and other articles / |
| Statement of responsibility, etc. | Abdul Waheed Khan |
| 260 ## - PUBLICATION, DISTRIBUTION, ETC. | |
| Name of publisher, distributor, etc. | Karachi |
| 300 ## - PHYSICAL DESCRIPTION | |
| Extent | 93 p.; |
| 505 ## - FORMATTED CONTENTS NOTE | |
| Formatted contents note | Islam is Under Attack (Page-5), Interfaith Dialogue (Page-9), Open Your Eyes (Page-11), Prophet Muhammad (P.B.U.H.), in Hinduism (Page-13), Buddhism (Page-16), Religion of Jesus (Page-24),The Easter Service (Page-29), Prok Eating is Dangerous to Health (Page-31), Qadiyaniat (Page-34), Holy Quran is a Mathematical Miracle (Page-41), The Curse of Usury and Interest (Page-46), The Journey of a Man (Page-53), Prayer (Page-58), Your Duty towards Your Parents (Page-61), The Holy Quran at a Glance (Page-67), Letter to Bishop (Page-78), The Crisis in His Faith (Page-83), Knowledge (Page-86), Propagation of Islam (Page-88). |
| 650 ## - SUBJECT ADDED ENTRY--TOPICAL TERM | |
| Topical term or geographic name entry element | Christianity |
| 9 (RLIN) | 104129 |
| 942 ## - ADDED ENTRY ELEMENTS (KOHA) | |
| Source of classification or shelving scheme | |
| Koha item type | Book |
| Call number prefix | 230,KHA |
| Withdrawn status | Lost status | Source of classification or shelving scheme | Damaged status | Not for loan | Permanent Location | Current Location | Shelving location | Date acquired | Full call number | Barcode | Date last seen | Price effective from | Koha item type | Public note | Total Checkouts |
|---|---|---|---|---|---|---|---|---|---|---|---|---|---|---|---|
| Military College of Signals (MCS) | Military College of Signals (MCS) | General Stacks | 12/12/2016 | 230,KHA | MCS34737 | 12/08/2016 | 12/12/2016 | Book | Almirah No.46, Shelf No.6 | ||||||
| Military College of Signals (MCS) | Military College of Signals (MCS) | General Stacks | 12/12/2016 | 230,KHA | MCS34738 | 12/08/2016 | 12/12/2016 | Book | Almirah No.46, Shelf No.6 | ||||||
| Military College of Signals (MCS) | Military College of Signals (MCS) | General Stacks | 12/12/2016 | 230,KHA | MCS36089 | 12/08/2016 | 12/12/2016 | Book | Almirah No.46, Shelf No.6 | ||||||
| Military College of Signals (MCS) | Military College of Signals (MCS) | General Stacks | 12/05/2022 | 230,KHA | MCS34728 | 12/05/2022 | 12/05/2022 | Book | Almirah No.46, Shelf No.6 | ||||||
| Military College of Signals (MCS) | Military College of Signals (MCS) | General Stacks | 01/13/2025 | 230,KHA | MCS38868 | 01/13/2025 | 01/13/2025 | Book | Almirah No.46, Shelf No.6 |
